000 00865nam a2200229 a 4500
999 _c12140
_d12140
001 12140
003 BD-JhCC
005 20220120134023.0
008 210321b20122019bg a|||| ||a| 000 0 mul d
020 _a9789848933862
035 _a(BD-JhCC)12140
040 _aBD-JhCC
_dBD-JhCC
041 _amul
082 _a005.43
_bRAH 2019
100 _aরহমান, মোহাম্মদ মিজানুর
245 _aলিনাক্স সিস্টেম অ্যাডমিনিস্ট্রেশন /
_cমোহাম্মদ মিজানুর রহমান
260 _a ঢাকা :
_bজ্ঞানকোষ প্রকাশনী;
_c২০১৯.
300 _a৪৪০ পৃ. :
_bচিত্রাবলী ;
_c২৪ সে.মি.
650 _aLinux
650 _aOperating systems (Computers)
942 _2ddc
_cBK
_02